[Event "IMSA Blitz Men 2019"]
[Site "Hengshui"]
[Date "2019.05.17"]
[Round "1.2"]
[White "Mamedov, Rauf"]
[Black "Jones, Gawain C B"]
[Result "0-1"]
[WhiteElo "2650"]
[BlackElo "2702"]
[Annotator "TA"]
[PlyCount "138"]
[EventDate "2019.05.17"]
[EventType "blitz"]
[EventCountry "CHN"]
[SourceTitle "playchess.com"]
[Source "ChessBase"]
[SourceQuality "1"]

{[%evp 16,138,-6,-7,-11,-12,-12,-22,0,-11,-15,-27,-10,-6,-14,-8,-4,-7,16,-50,-7,-41,-40,-38,0,0,0,-9,4,0,30,-6,-6,-25,-7,-9,-18,-9,-13,-49,0,-54,-53,-53,-53,-62,-54,-54,-47,-54,-54,-54,-50,-58,-61,-66,-56,-56,-56,-66,-66,-78,-33,-33,-33,-33,-8,-8,0,0,0,0,0,0,0,0,0,0,0,0,8,0,8,0,0,0,0,0,482,0,0,-1410,-1347,-1242,-1189,-1135,-1079,-841,0,0,0,-412,-402,-362,-347,-29968,-29970,-29969,-29971,-29982,-29959,-29955,-12583,-29981,-29982,-29982,-29983,-29987,-29988,-29990,-29991,-29991,-29992,-29992,-29993]} 1. e4 e5 2. Nf3 Nc6 3. Bb5 a6 4. Ba4 Nf6 5. Qe2 b5 6. Bb3 Bc5 7. c3 d6 8. O-O O-O 9. Rd1 Re8 {C77: Ruy Lopez: 3...a6 4 Ba4 Nf6, unusual lines} (9... Qe7 10. d3 Bb6 11. h3 Be6 12. Nbd2 Nh5 13. Nf1 Bxb3 14. axb3 f5 15. exf5 Rxf5 16. Qe4 Qd7 17. Be3 Nf6 {0-1 (40) Olszewski,M (2538)-Shirov,A (2644) Berlin 2018}) 10. d3 h6 11. Nbd2 Be6 {The position is equal.} 12. Bc2 Ng4 13. Rf1 Bb6 14. h3 Nf6 15. Rd1 d5 16. Nf1 Qd7 17. N3h2 $146 (17. Ng3 $11) ({Predecessor:} 17. a4 Rad8 18. axb5 axb5 19. N3h2 {1-0 (46) Paveto,K (2406)-Di Giannantonio,N (2314) Buenos Aires 2015}) 17... Rad8 18. Qf3 Qe7 19. Ng3 dxe4 20. dxe4 Rxd1+ 21. Bxd1 Nh7 22. Bb3 Ng5 23. Bxg5 (23. Qe2 {seems wilder.} Nh7 24. Ng4 Na5 25. Bxe6 Qxe6 26. Be3) 23... Qxg5 24. Ng4 Qf4 (24... Na5 {is more complex.} 25. Bxe6 Rxe6 26. Rd1 Nc4 27. b3 Nd6) 25. Bxe6 {Threatens to win with Bd7.} Qxf3 26. gxf3 {aiming for Bd7.} Rxe6 27. Nf5 Kf8 28. Rd1 (28. Nge3 $11) 28... h5 $15 29. Nge3 g6 30. Ng3 Bxe3 31. fxe3 {[%mdl 4096] Endgame KRN-KRN} Rd6 32. Rd5 Ke7 33. Ne2 f6 34. Nc1 Na5 35. b3 c6 36. Rxd6 Kxd6 {KN-KN} 37. Kf2 c5 38. f4 c4 39. b4 $1 {[%cal Rb4a5]} Nc6 40. h4 Nd8 41. Ne2 Ne6 42. f5 Nf8 43. Ng3 Ke7 44. fxg6 Nxg6 45. Nf5+ Kd7 46. Kg3 Ne7 47. Ng7 Nc8 $1 48. Nxh5 Ke6 49. Ng7+ Kf7 50. Nf5 {And now Kg4 would win.} Nb6 $1 51. Nd6+ Ke6 $2 {[%mdl 8192]} (51... Kg6 $11) 52. Nb7 $2 (52. h5 $18 {Strongly threatening h6.} Ke7 53. Kg4) 52... Na4 $1 $11 53. Nc5+ $2 {[%mdl 8192]} (53. a3 $11 Nxc3 54. Nc5+ Kf7 55. Kf2) 53... Nxc5 $19 54. bxc5 {[#] KP-KP} b4 $1 {[%cal Rb4c3][%mdl 512]} 55. h5 (55. cxb4 c3) 55... bxc3 {( -> ...c2)} 56. h6 Kf7 $2 (56... c2 $19 57. h7 c1=Q) 57. c6 $11 {Black must now prevent h7.} c2 58. c7 $2 {[%mdl 8192]} (58. h7 $1 $11 {and White has nothing to worry.} c1=Q 59. h8=Q Qxe3+ {[%mdl 64] Double Attack} 60. Kh2) 58... c1=Q $19 59. c8=Q Qxe3+ {[%mdl 64] [#] Double Attack. KQ-KQ} 60. Kh2 $2 (60. Kg2 $19 Qxe4+ 61. Kf2) 60... Qxh6+ 61. Kg2 Qd2+ 62. Kg1 Qe1+ 63. Kh2 Qxe4 64. Qxa6 c3 {Black mates.} 65. Qa7+ Kg6 66. Qg1+ Kf5 67. Qc5 c2 68. Qc8+ Kf4 69. Qc3 Qe2+ {Accuracy: White = 55%, Black = 58%.} 0-1

[Event "IMSA Blitz Men 2019"]
[Site "Hengshui"]
[Date "2019.05.17"]
[Round "1.3"]
[White "Korobov, Anton"]
[Black "Wang, Hao"]
[Result "1/2-1/2"]
[WhiteElo "2687"]
[BlackElo "2735"]
[Annotator "TA"]
[PlyCount "118"]
[EventDate "2019.05.17"]
[EventType "blitz"]
[EventCountry "CHN"]
[SourceTitle "playchess.com"]
[Source "ChessBase"]
[SourceQuality "1"]

{[%evp 18,118,22,12,20,16,17,19,26,0,9,15,12,0,17,-10,-7,-12,-9,-12,-8,-27,-3,-8,19,15,20,18,18,25,17,19,31,7,16,0,9,0,0,0,0,0,0,0,0,-8,0,0,0,-2,-3,-13,-10,-33,-21,-8,-10,-16,-16,-29,-8,-14,0,-14,0,0,0,0,0,0,0,0,7,0,0,-3,0,0,0,0,0,0,8,0,0,0,0,0,0,0,0,0,0,0,0,0,0,0,0,0,0,0,0]} 1. d4 Nf6 2. c4 e6 3. Nf3 d5 4. Nc3 Nbd7 5. cxd5 exd5 6. Bg5 c6 7. e3 Be7 8. Bd3 Ne4 9. Bxe7 Qxe7 10. Qc2 {[%cal Rd3e4]} Ndf6 {D35: Queen's Gambit Declined: Exchange Variation} 11. Ne5 {[%cal Rd3e4]} O-O 12. O-O Bf5 (12... Re8 13. Rac1 Bf5 14. Rfe1 g6 {½-½ (14) Riazantsev,A (2654)-Adams,M (2736) Geneva 2017}) 13. Rae1 Nxc3 14. bxc3 Bxd3 15. Nxd3 Ne4 16. Rb1 $146 ({Predecessor:} 16. c4 b5 17. cxd5 cxd5 {½-½ (48) Hjartarson,J (2405)-Campora,D (2455) Lone Pine 1981}) 16... Nd6 17. Ne5 f6 18. Nd3 Rfe8 19. Nb2 Qf7 20. Rfc1 Re7 21. c4 dxc4 22. Nxc4 Nxc4 23. Qxc4 Qxc4 24. Rxc4 $11 {[%mdl 4096] Endgame KRR-KRR} Kf7 25. h3 Ke6 26. Rc5 Kd6 27. a4 b6 28. Rc3 Rc7 29. e4 c5 30. Rd1 Ke6 31. f4 Rd8 32. Kf2 Re7 33. d5+ Kd6 34. Kf3 Rde8 35. Re1 f5 {[%cal Re7e4]} 36. e5+ Kxd5 37. Rd1+ Kc6 38. Rd6+ Kc7 39. Rcd3 {The position is equal.} Kb7 40. g4 fxg4+ 41. hxg4 g5 42. Rd7+ Rxd7 43. Rxd7+ {KR-KR} Kc6 44. Rxh7 c4 45. Ke4 {[#] f5 is the strong threat.} gxf4 46. Kxf4 c3 47. Rh3 Kd5 {Hoping for ...Kd4.} 48. Rxc3 {And now Rd3+ would win.} Rf8+ 49. Kg5 Kxe5 50. Rc7 Rg8+ 51. Kh4 a6 52. g5 b5 53. axb5 axb5 54. Rb7 (54. Kh5 {looks sharper.} Kd4 55. Rb7 Kc4 56. Rc7+ Kd4) 54... Kf5 55. Rxb5+ Kg6 $1 56. Rb6+ Kg7 57. Rb7+ Kg6 58. Rb6+ Kg7 59. Rb7+ Kg6 {Accuracy: White = 56%, Black = 60%.} 1/2-1/2

[Event "IMSA Blitz Men 2019"]
[Site "Hengshui"]
[Date "2019.05.17"]
[Round "1.4"]
[White "Jones, Gawain C B"]
[Black "Mamedov, Rauf"]
[Result "1-0"]
[WhiteElo "2702"]
[BlackElo "2650"]
[Annotator "TA"]
[PlyCount "113"]
[EventDate "2019.05.17"]
[EventType "blitz"]
[EventCountry "CHN"]
[SourceTitle "playchess.com"]
[Source "ChessBase"]
[SourceQuality "1"]

{[%evp 14,113,15,15,15,14,39,6,16,12,26,33,42,34,34,34,46,25,18,6,4,0,0,18,39,31,64,62,48,4,19,17,35,10,79,83,81,66,57,65,83,87,57,43,60,62,46,45,64,70,93,56,84,62,91,75,77,43,69,30,37,13,250,252,243,231,324,326,294,280,285,263,387,379,385,382,369,331,508,389,2400,2128,29986,697,690,679,555,548,529,529,5358,5320,5185,747,1024,985,5185,5185,5102,5096,1877,1686]} 1. e4 c5 2. Nf3 Nc6 3. Bb5 g6 4. O-O Bg7 5. Re1 e5 6. Bxc6 dxc6 7. a4 Qe7 8. d3 Nf6 {B31: Sicilian: 2...Nc6 3 Bb5 g6} 9. Bg5 h6 10. Be3 Nd7 $146 {The position is equal.} ({Predecessor:} 10... Nh5 11. Na3 Be6 12. b3 Nf4 13. Nc4 Bg4 14. Ncd2 O-O 15. h3 Bxf3 16. Nxf3 {½-½ (29) Chovanec,M (2398)-Pirs,M (2328) ICCF email 2008}) 11. Na3 Nf8 12. Nc4 Bg4 13. h3 Bxf3 $1 14. Qxf3 Ne6 15. Qg3 Qc7 16. h4 h5 17. Bd2 Nd4 18. Rac1 $36 {[%mdl 2048] White fights for an advantage.} O-O 19. f4 {[%cal Rf4e5]} exf4 20. Bxf4 Qd8 21. Bd6 Re8 {White should prevent ...Bf6.} 22. Bxc5 Bf6 23. Qf2 {Threatens to win with e5.} Ne6 (23... b6 $11 {remains equal.} 24. e5 Bxh4 25. Qxd4 Bxe1 26. Rxe1 bxc5 27. Qxc5 Qd5) 24. Rf1 $1 $16 (24. Bxa7 $2 Rxa7 $1 {[%mdl 512]} 25. c3 Be7 $19) 24... Nxc5 25. Qxf6 Qxf6 26. Rxf6 Nxa4 27. Rcf1 Re7 28. e5 Nc5 29. Nd6 {And now d4 would win.} Rf8 $1 30. d4 Ne6 31. c3 Ng7 32. R6f4 Ne6 33. R4f2 a6 34. Ne4 Kg7 35. Rd2 Nc7 36. c4 Rd8 37. Nd6 c5 $2 (37... b5 $11 {and Black stays safe.}) 38. Rdf2 $18 {[%cal Rf2f7]} ({Weaker is} 38. dxc5 Ne6 $16) 38... Rf8 {[#]} 39. d5 $1 ({Not} 39. dxc5 Ne6 $14) (39. Nxb7 cxd4 40. Rd1 Ne6 $11) 39... Ne8 (39... b6 $142 40. e6 f5) 40. Ne4 Rxe5 41. Nxc5 Nd6 {[#]} 42. Ne6+ $1 {[%mdl 512]} fxe6 (42... Rxe6 $142 43. dxe6 Nf5) 43. Rxf8 exd5 44. cxd5 {[%mdl 4096] Endgame KRR-KRN} Nf5 45. Rd8 b5 (45... Kf7 $142 46. Rd7+ Kf6) 46. Rd1 Re2 $2 (46... Kf7 47. Ra8 Re7 48. Rxa6 Nxh4) 47. d6 Ne3 {[#]} 48. d7 (48. Re8 $142 $1 Rxg2+ 49. Kh1 Rg4 50. Rxe3 Rxh4+ 51. Kg2 Kh7 52. d7 Rg4+ 53. Rg3) 48... Nxd1 {[#]White is clearly winning.} 49. Rg8+ $1 {[%mdl 576] Decoy, Clearance, Promotion} Kxg8 50. d8=Q+ {[%mdl 64] Double Attack} Kh7 51. Qxd1 {KQ-KR} Re4 52. Qd7+ Kh6 53. Qd8 {[%cal Rd8h8]} Kh7 54. Qd6 a5 55. Qd7+ Kh6 56. Qxb5 a4 57. Qb8 {Accuracy: White = 48%, Black = 36%.} 1-0

[Event "IMSA Blitz Men 2019"]
[Site "Hengshui"]
[Date "2019.05.17"]
[Round "1.5"]
[White "Yu, Yangyi"]
[Black "Fedoseev, Vladimir"]
[Result "1/2-1/2"]
[WhiteElo "2739"]
[BlackElo "2683"]
[Annotator "TA"]
[PlyCount "133"]
[EventDate "2019.05.17"]
[EventType "blitz"]
[EventCountry "CHN"]
[SourceTitle "playchess.com"]
[Source "ChessBase"]
[SourceQuality "1"]

{[%evp 11,133,23,26,13,95,19,19,22,32,25,29,0,5,-1,0,-7,-10,-16,0,0,0,0,0,-67,-39,-62,-62,-79,-83,-81,-55,-71,-71,-71,-71,-94,-101,-98,-71,-71,-71,-77,-76,-81,-84,-95,-99,-113,-22,-18,0,0,0,0,0,0,0,0,0,0,0,0,0,0,0,0,0,0,0,0,0,0,0,0,0,0,61,0,69,0,0,0,0,0,1,0,0,-453,0,0,1,0,0,0,0,0,0,0,0,0,0,0,0,0,0,0,0,0,0,0,0,0,0,0,0,0,0,0,0,0,0,0,0,0]} 1. e4 c5 2. Nc3 Nc6 3. Nf3 e5 4. Bc4 d6 5. O-O Be7 6. d3 Nf6 7. h3 {B30: Sicilian: 2...Nc6 3 Bb5, lines without ...g6} Nd7 $146 (7... Be6 $11) ({Predecessor:} 7... O-O 8. Ne2 a6 9. a3 b5 10. Ba2 Be6 11. Bxe6 fxe6 12. Ng3 d5 13. Re1 d4 14. c3 Kh8 {0-1 (89) Aronian,L (2765)-Carlsen,M (2835) St Petersburg 2018}) 8. Nd5 (8. Ng5 $1 $16 {[%cal Rg5f7]} Bxg5 9. Qh5 $1 {[%mdl 576] Double Attack}) 8... Nb6 $11 9. Nxb6 axb6 10. c3 O-O 11. Be3 Kh8 12. Nd2 f5 {Strongly threatening ...f4.} 13. f3 f4 14. Bf2 Bh4 15. Bd5 Bxf2+ 16. Rxf2 Ne7 17. c4 (17. a4 $11) 17... Rf6 18. Kf1 Nc6 19. Bxc6 bxc6 20. a4 Qc7 21. b3 Be6 22. Nb1 g5 23. Nc3 h5 24. Ke2 Kg7 25. Kd2 Rg6 26. Kc2 g4 27. hxg4 hxg4 28. Kb2 Rh8 29. Qd2 Rh2 (29... Kg8 $17 30. Rc1 Qg7) 30. g3 $1 fxg3 31. Rxh2 gxh2 32. fxg4 Qf7 {aiming for ...Qf4!} 33. Qxh2 Qf4 34. Rh1 {White wants to mate with Qh8+.} Qxh2+ 35. Rxh2 Rxg4 {[%mdl 4096] Endgame KRB-KRN} 36. Kc2 Rg3 37. Ne2 Rg6 38. Kd2 Rg5 39. Ke3 Rg6 40. Kf2 Rf6+ 41. Ke3 Rg6 42. Rh1 Kf6 43. Rh8 Rg2 (43... Bg8 $11) 44. Kf3 (44. Rb8 $1 $14) 44... Rg7 ({Black should try} 44... Rg8 $1 $11 45. Rh7 Bg4+ 46. Ke3 Rf8) 45. Ng3 (45. Rb8 $1 $14) 45... Bg4+ 46. Ke3 Ke6 47. Rh6+ Kd7 48. Rf6 Rh7 49. Nf5 $2 {[%mdl 8192] [#]} (49. Rg6 $11 {and White is okay.} Bd1 50. Nf5) 49... Rh3+ $2 (49... Rh2 $1 $19 {[%csl Gg4][%cal Rh2e2]} 50. Ng3 (50. Rf7+ $2 Ke6 $19) 50... Rg2) 50. Kd2 {The position is equal.} Rh2+ 51. Kc1 Bxf5 52. Rxf5 {KR-KR} Ke6 53. Rg5 Kf6 54. Rf5+ Ke6 55. Rf8 Kd7 56. Rf7+ Kc8 57. Rg7 Rf2 58. Rh7 Rg2 59. Rf7 Rh2 60. Rg7 Rf2 61. Rh7 Rg2 62. Rf7 Rh2 63. Rg7 Rf2 64. Rh7 Rg2 65. Rf7 Rh2 66. Rg7 Rf2 67. Rh7 {Accuracy: White = 61%, Black = 68%.} 1/2-1/2

[Event "IMSA Blitz Men 2019"]
[Site "Hengshui"]
[Date "2019.05.17"]
[Round "1.6"]
[White "Ponomariov, Ruslan"]
[Black "Leko, Peter"]
[Result "1-0"]
[WhiteElo "2675"]
[BlackElo "2674"]
[Annotator "TA"]
[PlyCount "95"]
[EventDate "2019.05.17"]
[EventType "blitz"]
[EventCountry "CHN"]
[SourceTitle "playchess.com"]
[Source "ChessBase"]
[SourceQuality "1"]

{[%evp 11,95,0,0,0,0,0,6,-2,8,0,0,-17,-2,-11,16,16,20,-10,20,0,27,0,31,7,8,-7,0,0,0,0,0,-83,-90,-95,-60,-112,-83,-78,-84,-79,-81,-160,-120,-97,0,-4,-7,-1,33,-38,0,0,-16,-44,0,0,0,12,30,18,29,38,47,32,41,0,0,-117,-117,-229,0,0,0,0,0,-69,208,196,349,349,488,464,619,561,590,565]} 1. e4 e5 2. Nf3 Nc6 3. Bb5 Nf6 4. d3 Bc5 5. O-O Nd4 6. Nxd4 Bxd4 7. c3 {C65: Ruy Lopez: Berlin Defence (3...Nf6), unusual lines and 4 0-0 Bc5} Bb6 8. Ba4 c6 (8... O-O 9. Bg5 h6 10. Bh4 d6 11. Nd2 g5 12. Bg3 Bg4 13. Qe1 Nh5 14. Bd1 Bxd1 15. Qxd1 Nxg3 16. hxg3 {½-½ (47) Caruana,F (2828)-Robson,R (2667) chess.com INT 2019}) 9. Bb3 {The position is equal.} d6 10. Nd2 a5 $146 ({Predecessor:} 10... Bc7 11. Nc4 Be6 12. f4 exf4 13. Bxf4 d5 14. Nd2 O-O {½-½ (40) Efimenko,Z (2641)-Fressinet,L (2712) Bilbao 2014}) 11. Nf3 O-O 12. Re1 Qe7 13. h3 h6 14. Be3 Bc7 15. Bc2 Re8 16. d4 Be6 17. Qd2 Rad8 18. b3 d5 19. exd5 Rxd5 20. c4 Rdd8 21. Qc3 (21. Bxh6 $1 $11 gxh6 22. Qxh6) 21... e4 $17 22. Nd2 Bf5 23. Nf1 (23. f3 $15) 23... Bg6 24. Rad1 Nh5 25. d5 cxd5 26. cxd5 (26. Rxd5 $142 Rxd5 27. cxd5) 26... Bd6 27. Qxa5 Bb4 (27... f5 $17) 28. d6 $1 $11 {[%cal Rd6e7]} Bxd6 {...Bb4 is the strong threat.} 29. Qb5 Rc8 30. Bb1 ({White should play} 30. Bxe4 $1 $14 Bxe4 31. Qxh5) 30... Nf4 31. Bxf4 Bxf4 32. Ne3 Bb8 33. Rd7 Qf6 34. Rxb7 h5 35. Rd7 h4 36. Nf1 Re5 37. Qb7 Rce8 38. Rc1 Kh7 39. Ne3 (39. Re1 $11 {keeps the balance.}) 39... Qf4 $1 $17 {Threatens to win with ...Rf5!} 40. Rc8 {[#]} (40. Rc4 $17) 40... R5e6 $2 ({Don't take} 40... Rxc8 41. Qxc8 Rf5 42. Ng4 $15) (40... Rf5 $1 $19 {[%mdl 512]} 41. Nxf5 Rxc8 42. Qxc8 Bxf5) 41. Rxe8 $1 $11 Qh2+ 42. Kf1 Rxe8 43. Ke2 ({White should try} 43. Rxf7 $11 Qh1+ 44. Ke2 Qxb1 45. Rxg7+ Kh8 46. Rxg6 Qd3+ 47. Ke1 Qc3+ 48. Kf1 Qc1+ 49. Ke2 Qb2+ {[%mdl 64] Double Attack} 50. Kf1 Qc1+ 51. Ke2 Qb2+ {[%mdl 64] Double Attack} 52. Kf1 Qc1+) 43... Bf4 $2 {[%mdl 8192]} (43... Bh5+ $15 {keeps the upper hand.} 44. Kd2 Qg1 {[%mdl 64] Double Attack} 45. Bxe4+ Kg8) 44. Rxf7 $40 {[%mdl 128] White goes for the king.} Bh6 $2 (44... Bxe3 45. Rxg7+ Kh6) 45. Re7 Rf8 {( -> ...Rxf2+!)} 46. Bxe4 {White is clearly winning.} Bxe4 47. Qxe4+ {[%mdl 64] Double Attack} Kh8 48. Re8 {Accuracy: White = 42%, Black = 40%.} 1-0

[Event "IMSA Blitz Men 2019"]
[Site "Hengshui"]
[Date "2019.05.17"]
[Round "1.7"]
[White "Vidit, Santosh Gujrathi"]
[Black "Rapport, Richard"]
[Result "0-1"]
[WhiteElo "2707"]
[BlackElo "2736"]
[Annotator "TA"]
[PlyCount "76"]
[EventDate "2019.05.17"]
[EventType "blitz"]
[EventCountry "CHN"]
[SourceTitle "playchess.com"]
[Source "ChessBase"]
[SourceQuality "1"]

{[%evp 12,76,20,25,33,35,36,27,29,32,27,20,39,18,13,16,17,17,23,10,20,0,20,-20,-29,-28,-31,-124,-145,-141,-139,-132,-55,-45,-30,-155,-153,-225,-109,-76,-88,-77,-76,-72,-67,-80,-112,-85,-94,-282,-282,-289,-283,-29983,-29984,-29984,-29980,-29987,-29988,-29988,-29985,-29985,-240,-29986,-29987,-29996,-29997]} 1. d4 g6 2. Nf3 Bg7 3. c4 Nf6 4. g3 b6 5. Bg2 Bb7 6. O-O O-O 7. d5 Na6 {A50: Queen's Fianchetto Defence (1 d4 Nf6 2 c4 b6)} (7... e6 8. Nc3 Re8 9. Nd4 exd5 10. cxd5 Na6 11. Rb1 Nc5 12. Bf4 Nce4 13. Nxe4 Nxe4 14. Nb5 d6 15. Qc2 Bxd5 16. Qxc7 {1-0 (54) So,W (2765)-Mamedyarov,S (2817) Kolkata 2018}) 8. Nc3 Nc5 9. Nd4 a5 {White has an edge.} 10. e4 e5 11. Nc2 d6 12. b3 $146 {[%cal Bb2b3,Bb3b4][%mdl 32]} ({Predecessor:} 12. Rb1 Bc8 {½-½ (41) Sadzikowski,D (2496)-Dubov,D (2632) Moscow 2015}) 12... Bc8 13. Rb1 Bd7 14. a3 a4 15. b4 Nb3 16. Bb2 h5 17. h4 Ng4 18. f3 Nh6 19. Qd3 {[#]} (19. Na1 $15) 19... f5 $1 $17 20. Ne2 f4 21. gxf4 Qxh4 (21... exf4 $17 22. Bxg7 Kxg7) 22. fxe5 $15 dxe5 23. Qe3 (23. Na1 $1 $11) 23... Nf7 $17 24. f4 (24. Bc3 $17) 24... Nd6 (24... Bg4 $19 25. Qd3 exf4 26. Bxg7 Bxe2 27. Qxe2 Kxg7) 25. Qd3 exf4 {...f3! is the strong threat.} 26. Bxg7 Kxg7 27. Ncd4 Nxd4 28. Qxd4+ Kh7 {aiming for ...Qg5.} 29. e5 Bh3 $36 {[%mdl 2048] And now ...Qg5! would win. Black is in control.} 30. exd6 $2 (30. Nxf4 $17 Bxg2 31. Kxg2) 30... Bxg2 $19 31. Kxg2 {[%cal Rf1f4]} Qg4+ {[%mdl 64] Double Attack} 32. Kf2 $2 (32. Kh2 $19 Qxe2+ 33. Rf2) 32... Rae8 {[%csl Gg4][%cal Re8e2]} 33. Rfe1 Qh4+ 34. Kf1 Qh3+ {[%mdl 64] Double Attack} 35. Kf2 Re3 36. Ng1 Qg3+ 37. Kf1 f3 {[%csl Gf3][%cal Rg3g2]} 38. Qd2 {[#]} f2 $1 {[%mdl 576] Double Attack. Accuracy: White = 44%, Black = 68%.} 0-1

[Event "IMSA Blitz Men 2019"]
[Site "Hengshui"]
[Date "2019.05.17"]
[Round "1.8"]
[White "Bu, Xiangzhi"]
[Black "Gelfand, Boris"]
[Result "1-0"]
[WhiteElo "2729"]
[BlackElo "2676"]
[Annotator "TA"]
[PlyCount "119"]
[EventDate "2019.05.17"]
[EventType "blitz"]
[EventCountry "CHN"]
[SourceTitle "playchess.com"]
[Source "ChessBase"]
[SourceQuality "1"]

{[%evp 22,119,36,42,33,0,0,0,0,8,20,-27,-38,-25,-34,-21,-31,-20,-38,-32,-28,-77,-12,-3,-9,-14,32,26,25,-146,-110,-118,-104,-110,-68,-81,-60,-60,-13,-13,-12,-28,0,-43,-25,-22,-25,-16,0,0,0,0,69,78,77,76,169,150,160,91,101,40,41,8,167,154,205,225,157,150,177,152,178,64,64,64,72,64,62,64,80,80,80,77,460,335,650,325,689,253,475,266,266,242,726,726,726,614,29982,29983]} 1. Nf3 d5 2. d4 Nf6 3. c4 e6 4. Nc3 c6 5. e3 Nbd7 6. Qc2 Bd6 7. Be2 O-O 8. O-O dxc4 9. Bxc4 b5 10. Be2 Bb7 11. Rd1 Qc7 12. e4 e5 {D46: Semi-Slav: 5 e3 Nbd7 6 Bd3, Black avoids the Meran} 13. g3 Rfe8 14. dxe5 Nxe5 {The position is equal.} 15. Nd4 Neg4 {[#]} 16. Bxb5 $146 (16. Nf5 {looks sharper.} Bc5 17. Bxg4 Nxg4 18. Bf4 Qb6 19. Rd2) ({Predecessor:} 16. a3 Rad8 17. Bxg4 Nxg4 18. h3 Ne5 19. Nf5 Bc8 20. Nxd6 Rxd6 {½-½ (73) Kovalenko,I (2587)-Grachev,B (2693) Jurmala 2012}) 16... cxb5 17. Ndxb5 Qc5 18. Nxd6 Bxe4 $1 19. Ndxe4 Nxe4 20. Rd5 Qc6 21. Qa4 {[#]} Qxa4 (21... Qf6 $1 $17 {[%cal Rf6f2]} 22. Bf4 (22. Nxe4 $2 Rxe4 23. Qc2 Re1+ 24. Kg2 Qe6 $19) 22... Nexf2) 22. Nxa4 $11 Nexf2 23. Kg2 Re1 {Hoping for ...Rae8.} 24. h3 Nf6 25. Rf5 $2 ({White must play} 25. Kxf2 $11 Rxc1 26. Rxc1 Nxd5 27. a3) 25... N2e4 {Strongly threatening ...Rc8.} 26. Nc3 Nxc3 27. bxc3 Rd8 {Threatens to win with ...Rdd1.} 28. Rf1 Rxf1 29. Kxf1 $17 {[%mdl 4096] Endgame KRB-KRN} Rd1+ 30. Ke2 Rh1 31. Kf3 (31. Rb1 {with more complications.} h5 32. Rb8+ Kh7 33. Bf4 Rxh3 34. Rb7) 31... h5 32. h4 Ng4 33. Bb2 Rh2 34. Ba3 Rd2 35. Ke4 Nf6+ 36. Ke3 $1 {[%cal Re3d2]} Rc2 (36... Rd5 $11) 37. Kd3 $1 $14 {[%cal Rd3c2]} Rg2 38. Bd6 Rf2 (38... Ne8 $16 39. Bf4 f6) 39. c4 $18 Ne8 40. Bf4 (40. Bb8 $142) 40... f6 $16 41. Re1 ({White should try} 41. c5 $16) 41... Kf7 $14 42. Re2 Rf1 $2 (42... Rxe2 $11 43. Kxe2 Ke6) 43. c5 $18 Rf3+ (43... g5 $16 {was necessary.} 44. hxg5 fxg5) 44. Kc4 g5 45. Bb8 gxh4 46. gxh4 Rh3 47. Bxa7 (47. Rh2 $18 Ra3 48. Kb4) 47... Rxh4+ $14 48. Kb5 Nc7+ 49. Kc6 Ne6 {...Nd4+ is the strong threat.} 50. Rd2 Ra4 51. Bb6 h4 52. Kb5 Ra8 $2 {[%mdl 8192]} (52... Ra3 $16 {is more resistant.}) 53. c6 {[%cal Bc5c6,Bc6c7][%mdl 32]} h3 $2 (53... Rb8 54. Rd7+ Kg6) 54. c7 Rh8 $2 (54... Rc8 55. Kc6 Ra8) 55. Ka6 $2 (55. a4 f5 56. a5) 55... Kg6 $2 ({But not} 55... h2 $2 {[#]} 56. Rxh2 $1 {[%mdl 512]} Ra8+ 57. Kb7 $18) (55... f5 56. Rh2 Nxc7+ 57. Bxc7 Ke6) 56. Kb7 (56. a4 $142) 56... Nxc7 $18 57. Bxc7 {aiming for a4.} Kg5 $2 (57... Rh4 58. Kb6 Kf5) 58. a4 f5 59. Rf2 Rh4 60. Bd8+ {[%mdl 64] Skewer. Accuracy: White = 43%, Black = 31%.} 1-0

[Event "IMSA Blitz Men 2019"]
[Site "Hengshui"]
[Date "2019.05.17"]
[Round "2.1"]
[White "Dominguez Perez, Leinier"]
[Black "Wang, Hao"]
[Result "1-0"]
[WhiteElo "2750"]
[BlackElo "2735"]
[Annotator "TA"]
[PlyCount "75"]
[EventDate "2019.05.17"]
[EventType "blitz"]
[EventCountry "CHN"]
[SourceTitle "playchess.com"]
[Source "ChessBase"]
[SourceQuality "1"]

{[%evp 14,74,24,12,25,20,35,29,27,12,35,8,18,24,57,43,27,33,87,57,110,63,285,278,384,379,411,412,447,439,442,436,416,425,447,431,460,434,470,470,503,473,538,544,658,645,29989,29990,29991,29992,29992,29990,29990,29991,29994,29995,29995,29996,29996,29997,29997,29998,29999]} 1. e4 e5 2. Nf3 Nc6 3. Bc4 Bc5 4. c3 Nf6 5. d3 d6 6. Nbd2 a6 7. Bb3 Ba7 8. Nf1 Ng4 {C54: Giuoco Piano: 4 c3 Nf6, main lines with 5 d4 and 5 d3} (8... Be6 9. Ng3 O-O 10. O-O h6 11. h3 Bxb3 12. axb3 Re8 13. Nf5 d5 14. Qe2 Qd7 15. N3h4 Rad8 16. Qf3 dxe4 17. dxe4 {0-1 (48) Miton,K (2584)-Van Foreest,J (2629) Riadh 2017}) 9. d4 O-O 10. Ng3 Nf6 {White has an edge.} 11. O-O Bg4 12. Be3 exd4 13. cxd4 Re8 $146 ({Predecessor:} 13... d5 14. e5 Ne4 15. Ba4 Nxg3 16. hxg3 {½-½ (42) Carlsen,T (2320)-Schneider,H (2376) Remote email 2011}) 14. h3 Bxf3 $1 15. gxf3 Ne7 ({Better is} 15... Na5 $14) 16. Kh2 c5 ({Black should try} 16... Ng6 $14) 17. dxc5 Bxc5 $2 {[#]} (17... dxc5 $14 18. f4 b5) 18. e5 $1 $18 {[%cal Re5f6][%mdl 512]} Nd7 {[#]} (18... dxe5 19. Bxc5) 19. e6 $1 {[%cal Re6f7]} Ne5 {[#]} 20. f4 $1 Bxe3 21. fxe5 ({But not} 21. fxe3 fxe6 22. fxe5 d5 $18) 21... fxe6 22. Bxe6+ ({Don't do} 22. fxe3 d5 $18) 22... Kh8 23. fxe3 Nc6 24. Bd5 Nxe5 25. Qd4 Rc8 26. Rf2 Rc7 27. Raf1 h6 28. a3 b5 29. Nh5 Qg5 30. Rf8+ {White mates.} Rxf8 31. Rxf8+ Kh7 32. Be4+ {[%mdl 64] Discovered Attack} g6 33. Nf6+ Kg7 34. Rg8+ Kf7 35. Qd5+ Ke7 36. Re8+ Kxf6 37. Qxd6+ {[%mdl 64] Double Attack} Kf7 38. Qf8# {Accuracy: White = 63%, Black = 22%.} 1-0